Lia e a sexta série / (Record no. 486)
[ view plain ]
| 000 -LÍDER | |
|---|---|
| campo de controle de tamanho fixo | 01200nam a22002897a 4500 |
| 001 - NÚMERO DE CONTROLE | |
| campo de controle | 486 |
| 003 - IDENTIFICADOR DO NÚMERO DE CONTROLE | |
| campo de controle | OSt |
| 005 - DATA E HORÁRIO DA ÚLTIMA TRANSAÇÃO | |
| campo de controle | 20250903154704.0 |
| 008 - CAMPO DE DADOS FIXOS--INFORMAÇÃO GERAL | |
| campo de controle de tamanho fixo | 250903b |||||||| |||| 00| 0 eng d |
| 040 ## - FONTE DA CATALOGAÇÃO | |
| Idioma da catalogação | por |
| 041 ## - CÓDIGO DE IDIOMA | |
| Código do idioma do original e/ou traduções intermediárias do texto | por |
| 082 04 - CDD - CLASSIFICAÇÃO DECIMAL DE DEWEY | |
| Número de Classificação | 028.5 |
| Número do exemplar | A329l |
| 100 1# - ENTRADA PRINCIPAL--NOME PESSOAL | |
| Nome pessoal | Albergaria, Lino de, |
| Datas associadas ao nome | 1950- |
| 9 (RLIN) | 1039 |
| 245 10 - TÍTULO | |
| Título | Lia e a sexta série / |
| Indicação de responsabilidade, etc. | Lino de Albergaria ; ilustrações de Marco Aragão. - |
| 250 ## - EDIÇÃO | |
| Declaração de edição | 3. ed. - |
| 260 ## - PUBLICAÇÃO, DISTRIBUIÇÃO, ETC. | |
| Local de publicação, distribuição, etc. | São Paulo : |
| Nome do editor, distribuidor, etc. | Saraiva, |
| Data da publicação, distribuição, etc. | 2003. |
| 300 ## - DESCRIÇÃO FÍSICA | |
| Extensão | 93p. : |
| Outros detalhes físicos | il. ; |
| 520 ## - NOTA DE RESUMO, ETC. | |
| Resumo, etc. | As aulas vão começar e Lia tem um desafio pela frente: a sexta série. Meninos e meninas não se estranham mais como cães e gatos e essa será uma grande mudança. Mudam também os professores (e agora?).<br/><br/>Bem, a vida não pode ser sempre a mesma...<br/><br/>Será uma época de muitas novidades e Lia está ansiosa para conhecê-las. Em casa ou na escola, ela vai, de maneira divertida, viver e aprender muita coisa |
| 650 ## - ASSUNTO--TERMO TÓPICO | |
| Cabeçalho tópico ou nome geográfico | Literatura Brasileira |
| 9 (RLIN) | 205 |
| 650 #0 - ASSUNTO--TERMO TÓPICO | |
| Cabeçalho tópico ou nome geográfico | Infantojuvenil |
| 9 (RLIN) | 200 |
| 650 #0 - ASSUNTO--TERMO TÓPICO | |
| Cabeçalho tópico ou nome geográfico | Amizade e Solidariedade |
| 9 (RLIN) | 816 |
| 655 #0 - TERMO DE ÍNDICE--GÊNERO E FORMA | |
| Gênero/forma/ou termo foco | Romance |
| 655 #0 - TERMO DE ÍNDICE--GÊNERO E FORMA | |
| Gênero/forma/ou termo foco | Não Ficção |
| 700 1# - ENTRADA ADICIONADA - NOME PESSOAL | |
| Nome pessoal | Aragão, Marco, |
| Datas associadas ao nome | 1959- |
| 9 (RLIN) | 1044 |
| 830 #0 - ENTRADA SECUNDÁRIA DE SÉRIE--TÍTULO UNIFORME | |
| Título uniforme | Jabuti |
| Nome da parte/seção da obra | Vida |
| 942 ## - ELEMENTOS DE ENTRADA ADICIONADOS (KOHA) | |
| Fonte de classificação ou esquema de arquivamento | Classificação decimal de Dewey |
| Ocultar no OPAC | Não |
| Tipo de material Koha | Livros |
| Situação do descarte | Situação das perdas | Fonte de classificação ou esquema de arquivamento | Status danificado | Não pode ser emprestado | Coleção | Biblioteca de origem | Biblioteca atual | Localização na estante | Data de aquisição | Fonte de aquisição | Total de empréstimos | Número de chamada completo | Código de barras | Data de último acesso | Data do preço efetivo | Tipo de material Koha |
|---|---|---|---|---|---|---|---|---|---|---|---|---|---|---|---|---|
| Classificação decimal de Dewey | Ficção | Biblioteca Professor Eduardo Afonso de Castro | Biblioteca Professor Eduardo Afonso de Castro | Infanto Juvenil | 03.09.2025 | doação | 028.5 / A329l | 2025-17419 | 03.09.2025 | 03.09.2025 | Livros |